000 00484nam a2200181Ia 4500
005 20250326130148.0
008 250326s9999 xx 000 0 und d
037 _aTextbook
040 _aFMSL
_beng
_cFMSL
041 _aeng
_2eng
084 _a.44 K7
_qFMSL
100 _aMinistry OF Labour
_9736448
245 0 _aIndian labour year book
_cMinistry OF Labour
260 _aNd
_bNd, Manager
_c1967
300 _a424p
942 _cTB
_h.44 K7
999 _c1281227
_d1281227